00259nam a2200109Ia 4500008004100000020001800041082001400059100001400073245004000087260000900127500001300136260604s9999 xx 000 0 und d a9781529740783 a658.4 REE aGary rees 0aStrategic Human Resource Management bSAGE aStrategy